Harry houdini / (Record no. 3514)

MARC details
000 -LEADER
fixed length control field 00685nam a22002417a 4500
001 - CONTROL NUMBER
control field 3514
003 - CONTROL NUMBER IDENTIFIER
control field FISKH
005 - DATE AND TIME OF LATEST TRANSACTION
control field 20240315091138.0
008 - FIXED-LENGTH DATA ELEMENTS--GENERAL INFORMATION
fixed length control field 240315b cb ||||| |||| 00| 0 eng d
040 ## - CATALOGING SOURCE
Original cataloging agency FISK
Language of cataloging eng
Transcribing agency FISK
Modifying agency FISK
050 ## - LIBRARY OF CONGRESS CALL NUMBER
Classification number GV1545.H8
082 ## - DEWEY DECIMAL CLASSIFICATION NUMBER
Classification number 793.8092
100 ## - MAIN ENTRY--PERSONAL NAME
Personal name Kraske Robert
Dates associated with a name 1926-
245 ## - TITLE STATEMENT
Title Harry houdini /
Statement of responsibility, etc. Robert Kraske
260 ## - PUBLICATION, DISTRIBUTION, ETC.
Place of publication, distribution, etc. New York :
Name of publisher, distributor, etc. Scholastic,
Date of publication, distribution, etc. 1973
300 ## - PHYSICAL DESCRIPTION
Extent 72 pages :
Dimensions 20 cm
505 ## - FORMATTED CONTENTS NOTE
Formatted contents note M
520 ## - SUMMARY, ETC.
Summary, etc. A brief biography of Ehrich Weiss, who gained renown as Harry Houdini, master magician and escape artist.
521 8# - TARGET AUDIENCE NOTE
Target audience note 710
Source Lexile
700 ## - ADDED ENTRY--PERSONAL NAME
Personal name Robert Kraske
942 ## - ADDED ENTRY ELEMENTS (KOHA)
Source of classification or shelving scheme Dewey Decimal Classification
Koha item type Books
Suppress in OPAC No
Holdings
Withdrawn status Lost status Source of classification or shelving scheme Damaged status Not for loan Collection Home library Current library Shelving location Date acquired Total Checkouts Full call number Barcode Date last seen Date last checked out Copy number Price effective from Koha item type
    Dewey Decimal Classification     Non-Fiction Footprints International School Library Network Toul Kork Campus Footprints International School Library Network Toul Kork Campus   03/15/2024 3 KRA GV1545.H8 793.8092 2024-0339 10/25/2024 09/18/2024 1 03/15/2024 Books